| 000 | 00736nam a2200229 a 4500 | ||
|---|---|---|---|
| 001 | 86471 | ||
| 003 | BD-RjUL | ||
| 005 | 20260513150351.0 | ||
| 008 | 260513s2026 bg ||||| |||| 00| 0 ben d | ||
| 020 | _a9789843705914 | ||
| 035 | _a(BD-RjUL)86471 | ||
| 040 |
_aBD-RjUL _beng _cBD-RjUL |
||
| 041 | _aben | ||
| 082 |
_223 _a891.443 _bSWN 2026 |
||
| 100 |
_aসুইটি, আফসানা মিমি _918462 |
||
| 245 |
_aনিশুত / _cআফসানা মিমি সুইটি |
||
| 260 |
_aঢাকা : _bসমীক্ষণ, _c২০২৬ |
||
| 300 |
_a৯৬ পৃ.; _c২২ সেমি. |
||
| 650 |
_aবাংলা উপন্যাস _918463 |
||
| 650 |
_aBengali novels _918464 |
||
| 942 |
_2ddc _cBK |
||
| 999 |
_c86471 _d86471 |
||